|
|
|
|
| LEADER |
00000nab a2200000 a 4500 |
| 001 |
vtls000435635 |
| 003 |
SK-MaSNL |
| 005 |
20260303200900.0 |
| 008 |
120925c1991 xo 0 slo |
| 015 |
|
|
|a SNBRB19rr/mm-uuuuu
|
| 035 |
|
|
|a CL0435763
|
| 040 |
|
|
|a SNKBUCL
|b slo
|c SNKBUCL
|e AACR2
|
| 041 |
0 |
|
|a slo
|
| 044 |
|
|
|a xo
|c SK
|
| 080 |
|
|
|a 329.11/.12(437.6)
|2 1981
|
| 245 |
0 |
0 |
|a Občianska demokratická únia - VPN
|b Programové vyhlásenie, Stanovy, Rokovací poriadok, Poriadok zmierovacích výborov, Hospodársky poriadok
|
| 610 |
2 |
7 |
|a Občianska demokratická únia - VPN (politická strana)
|2 snkbucl
|9 236135
|
| 655 |
|
7 |
|a články z novín a časopisov
|2 snkbucl
|9 267496
|
| 773 |
0 |
|
|t Verejnosť
|g Roč. 2, č. 274 (22. 11. 1991)
|
| 850 |
|
|
|a Slovenská národná knižnica v Martine
|a MTA001
|
| 852 |
|
|
|a SNK
|b KIS3GCP
|
| 958 |
|
|
|a RK
|
| 992 |
|
|
|a RBX
|
| 999 |
|
|
|c 2170383
|d 2172313
|